000 00810cam a2200253 a 4500
001 000004357
005 20200929151429.0
008 830630s1964 sp 001 f spa
040 _aDO-SdBNP
_dBNPHU
041 1 7 _aspa
_heng
_2Código idioma marc
082 _a813.5
_bW721e, 1964
100 1 _aWilliams, Ben Ames,
_d1889-1953.
_912839
240 1 0 _aThe strange woman
_lEspañol
245 1 4 _aExtraña mujer :
_bnovela /
_cBen Ames Williams; traducción, A. Bazán.
250 _a4a ed.
260 _aBarcelona :
_bPlaneta,
_c1964.
300 _a448 p. ;
_c21 cm.
490 1 _aLuyve
534 _aTítulo original:
_tThe strange woman
650 4 _aNovela estadounisense
_912840
650 4 _aLiteratura estadounidense
_ySIGLO XX
_96874
830 0 _aLuyve.
_910547
910 _aCatalogación por copia / LC
999 _c4166
_d4166